[Event "CEDIS Festival saha - 3. turnir"]
[Site "Podgorica"]
[Date "2025.05.01"]
[Round "5.2"]
[White "Zarudniak, Elisei"]
[Black "Djukanovic, Sreten"]
[Result "0-1"]
[WhiteElo "1555"]
[BlackElo "2106"]
[PlyCount "58"]
[EventDate "2025.05.30"]
[EventType "swiss"]
[EventRounds "5"]
[EventCountry "MNE"]
[SourceDate "2025.05.31"]

1. e4 c5 2. Nf3 d6 3. d4 cxd4 4. Nxd4 Nf6 5. Nc3 a6 6. f4 e5 7. Nf3 Nbd7 8. Bc4
Be7 9. Bb3 O-O 10. O-O b5 11. Qd3 Nc5 12. Qd1 Nxb3 13. axb3 Qc7 14. Be3 Bb7 15.
Qd3 b4 16. Nd5 Bxd5 17. exd5 e4 18. Qd4 exf3 19. Rxf3 Qxc2 20. Rc1 Qe4 21. Qd2
Qxd5 22. Bd4 Ne4 23. Qxb4 Rab8 24. Qa4 Bf6 25. Bxf6 Nxf6 26. Qxa6 Rxb3 27. Rf2
Ne4 28. Re2 Qd4+ 29. Kf1 Rxb2 0-1

[Event "CEDIS Festival saha - 3. turnir"]
[Site "Podgorica"]
[Date "2025.05.01"]
[Round "5.3"]
[White "Sekulic, Nikola"]
[Black "Pavlovic, David"]
[Result "1-0"]
[WhiteElo "1955"]
[BlackElo "1557"]
[PlyCount "61"]
[EventDate "2025.05.30"]
[EventType "swiss"]
[EventRounds "5"]
[EventCountry "MNE"]
[SourceDate "2025.05.31"]

1. e4 e5 2. Nf3 Nc6 3. Bc4 Bc5 4. c3 Nf6 5. O-O O-O 6. d4 exd4 7. cxd4 Bb6 8.
Bg5 d6 9. h3 h6 10. Bh4 Re8 11. d5 Ne5 12. Nxe5 Rxe5 13. Nc3 Bd7 14. Kh1 Qc8
15. Bxf6 gxf6 16. f4 Re8 17. f5 Kh7 18. Qh5 Re7 19. Rf4 Qg8 20. Rg4 Qf8 21. Ne2
Rae8 22. Bd3 c6 23. Nf4 Be3 24. Ne6 fxe6 25. fxe6 Bc8 26. e5+ Kh8 27. exd6 Bg5
28. dxe7 Qxe7 29. h4 Be3 30. Re1 Bc5 31. Qxh6+ 1-0

[Event "CEDIS Festival saha - 3. turnir"]
[Site "Podgorica"]
[Date "2025.05.01"]
[Round "5.5"]
[White "Vukovic, Stefan"]
[Black "Abramovic, Dragoljub"]
[Result "0-1"]
[WhiteElo "1415"]
[BlackElo "2001"]
[PlyCount "88"]
[EventDate "2025.05.30"]
[EventType "swiss"]
[EventRounds "5"]
[EventCountry "MNE"]
[SourceDate "2025.05.31"]

1. e4 Nc6 2. Nf3 d6 3. d4 Bg4 4. Be2 Nf6 5. Nc3 e6 6. Bg5 Be7 7. h3 Bxf3 8.
Bxf3 O-O 9. O-O Rc8 10. Re1 Nxe4 11. Nxe4 Bxg5 12. Nxg5 Qxg5 13. d5 Ne5 14.
dxe6 fxe6 15. Re3 Nxf3+ 16. Rxf3 d5 17. Rxf8+ Rxf8 18. Qe2 Qe7 19. Re1 Rf6 20.
Qd3 c6 21. a3 a5 22. c4 Qc5 23. Qc2 Qxc4 24. Qxc4 dxc4 25. Rd1 g6 26. Rd8+ Rf8
27. Rd7 Rf7 28. Rd4 Rc7 29. Rxc4 Kf7 30. g3 e5 31. f4 exf4 32. Rxf4+ Ke6 33.
Rf2 c5 34. h4 Kd5 35. Kg2 Kc4 36. Rf3 b5 37. Rc3+ Kd4 38. Rc1 Kd3 39. Rc3+ Kd2
40. Kh3 c4 41. g4 Rd7 42. h5 Rd3+ 43. Rxd3+ cxd3 44. hxg6 hxg6 0-1

[Event "CEDIS Festival saha - 3. turnir"]
[Site "Podgorica"]
[Date "2025.05.01"]
[Round "5.6"]
[White "Vujadinovic, Zeljko"]
[Black "Lakusic, Zoran"]
[Result "1-0"]
[WhiteElo "1803"]
[BlackElo "1737"]
[PlyCount "27"]
[EventDate "2025.05.30"]
[EventType "swiss"]
[EventRounds "5"]
[EventCountry "MNE"]
[SourceDate "2025.05.31"]

1. d4 Nf6 2. Nf3 e6 3. Bg5 Be7 4. Bxf6 Bxf6 5. e3 O-O 6. Bd3 d5 7. c3 Nd7 8.
Nbd2 c5 9. h4 c4 10. Bxh7+ Kxh7 11. Ng5+ Kg8 12. Qh5 Bxg5 13. hxg5 f5 14. g6
1-0

[Event "CEDIS Festival saha - 3. turnir"]
[Site "Podgorica"]
[Date "2025.05.01"]
[Round "5.7"]
[White "Kalac, Hajran"]
[Black "Markovic, Janko"]
[Result "1/2-1/2"]
[WhiteElo "1797"]
[BlackElo "1516"]
[PlyCount "74"]
[EventDate "2025.05.30"]
[EventType "swiss"]
[EventRounds "5"]
[EventCountry "MNE"]
[SourceDate "2025.05.31"]

1. e4 e6 2. Nf3 d5 3. Nc3 c5 4. e5 Nc6 5. d4 Qb6 6. Ne2 f6 7. exf6 Nxf6 8. c3
Be7 9. b3 O-O 10. Ne5 cxd4 11. Nxc6 bxc6 12. Nxd4 Ne4 13. Be3 c5 14. Nf3 Bf6
15. Rc1 Bxc3+ 16. Bd2 Bxd2+ 17. Nxd2 Nxf2 18. Qh5 Nxh1 19. Bd3 Rf5 20. Qe8+ Rf8
21. Qh5 h6 22. Qg6 Rf7 23. Qh7+ Kf8 24. Bg6 Ke7 25. Bxf7 Kxf7 26. Rc3 Ke7 27.
Qxg7+ Kd6 28. Rf3 Ba6 29. Rf7 Qb5 30. Qg4 Re8 31. Qf4+ e5 32. Qf3 e4 33. Qf6+
Re6 34. Qd8+ Ke5 35. Qh8+ Kd6 36. Qd8+ Ke5 37. Qh8+ Kd6 1/2-1/2